000
00267nam a22001097a 4500
008
160519b xxu||||| |||| 00| 0 eng d
020
_a
0632016426
041
_a
eng
080
_a
574
245
_a
Ecology of Fresh Waters mand and medium;
_c
Brian Moss;
942
_2
udc
_c
BK
999
_c
2249
_d
2249